000 01448nam a2200373 i 4500
003 EG-GICUC
005 20260422092135.0
008 260415s1970 ua |||fr|||| 00| 0 ara d
040 _a EG-GICUC
_bara
_c EG-GICUC
_d EG-GICUC
_erda
041 _aara
082 0 4 _221
_a341.71
_bأ ن . ف
092 0 4 _221
099 _aLaw1 11 341.71 أ ن . ف 1970
100 0 _aأنيس صايغ
_eمشرف.
245 0 2 _aالفكرة الصهيونية:
_bالنصوص الاساسية /
_cانيس صايغ;لطفي العابد ;موسى عنز;اسعد رزوق;هلدا شعبان صايغ ;ابراهيم العابد.
264 _aالقاهرة:
_bمنظمة التحرير الفلسطينية مركز الابحاث,
_c1970.
300 _a488؛ صفحة
_c24 سم
336 _2rda content
_atext
337 _2rda media
_aComputer
338 _2rda carrier
_aOnline Resource
490 _aكتب فلسطينية
_xNo.21
546 _aالنص باللغة العربية
650 1 _aدولي عام
_2qrmak
650 1 _aالصهيون
_2qrmak
651 1 _2qrmak
700 _aلطفي العابد
_eمترجم.
700 _aموسى عنز
_eمترجم.
700 _aاسعد رزوق
_eمساهم
700 _aهلدا شعبان صايغ
_eمراجع.
700 _aابراهيم العابد
_eمراجع.
856 4 0 _uhttps://fll.law.cu.edu.eg/fulltext/bks/B11-09698.pdf
905 _a72
942 _2ddc
_n0
_cBK
_e21
999 _c71023
_d71023